| 000 | 00780nam a2200253Ia 4500 | ||
|---|---|---|---|
| 001 | Para_3250 | ||
| 003 | CHAP | ||
| 008 | 220125s1965 xx 000 0 und d | ||
| 010 | _a201712 | ||
| 040 | _cCHAP | ||
| 090 | _aPA R-98 | ||
| 100 |
_aStover, R. H. _9166639 |
||
| 245 |
_aLeaf spot of bananas caused by Mycosphaerella musicola : _b effect of temperature on germination, hyphal growth, and conidia production / _c R. H. Stover |
||
| 300 | _a351-360 | ||
| 500 | _aSobretiro de: Tropical agriculture 42 (4) | ||
| 650 |
_aPlátano _x Enfermedades Mycosphaerella musicola _9166640 |
||
| 901 | _aPA R-98 | ||
| 902 | _aA | ||
| 905 | _a0000001965 0000000000 00 | ||
| 910 | _a1965 | ||
| 942 | _cPARA | ||
| 942 |
_cPARA _d1 |
||
| 999 |
_c201712 _d201712 |
||